Normal view
MARC view
- HUNT, GEORGE M,GARRATT, GEORGE
Entry Personal Name
001 - CONTROL NUMBER
- control field: 57036
003 - CONTROL NUMBER IDENTIFIER
- control field: NUST
005 - DATE AND TIME OF LATEST TRANSACTION
- control field: 20210628201833.0
008 - FIXED-LENGTH DATA ELEMENTS
- fixed length control field: 210628|| aca||aabn | a|a d
040 ## - CATALOGING SOURCE
- Original cataloging agency: NUST
- Transcribing agency: NUST
100 ## - HEADING--PERSONAL NAME
- Personal name: HUNT, GEORGE M,GARRATT, GEORGE
670 ## - SOURCE DATA FOUND
- Source citation: Work cat.: (NUST): HUNT, GEORGE M,GARRATT, GEORGE, WOOD PRESERVATION, 1953
